[Event "GER-ch U12"]
[Site "Willingen"]
[Date "2021.08.29"]
[Round "9"]
[White "Theviot, Luca"]
[Black "Detjen, Mattes"]
[Result "1-0"]
[WhiteElo "1417"]
[BlackElo "1162"]
[PlyCount "47"]
[EventDate "2021.08.22"]
[EventType "swiss"]
[EventRounds "9"]
[EventCountry "GER"]
[SourceTitle "EXT 2022"]
[Source "ChessBase"]
[SourceDate "2021.10.06"]
[SourceVersion "1"]
[SourceVersionDate "2021.10.06"]
[SourceQuality "1"]

1. c4 e6 2. g3 d5 3. Bg2 Nf6 4. Nf3 Be7 5. 0-0 0-0 6. b3 c5 7. e3 b6 8. Qe2 Bb7 9. d3 Nc6 10. Re1 Qc7 11. Bb2 Rad8 12. e4 d4 13. Nbd2 e5 14. Rf1 Rfe8 15. Ne1 a5 16. f4 Bd6 17. f5 Nb4 18. a3 Nc6 19. g4 g5 20. fxg6 Re6 21. gxf7+ Kf8 22. g5 Nd7 23. Qh5 Ke7 24. Qxh7 1-0

[Event "GER-ch U12"]
[Site "Willingen"]
[Date "2021.08.24"]
[Round "3"]
[White "Detjen, Mattes"]
[Black "Jumah, Shayan"]
[Result "1/2-1/2"]
[WhiteElo "1162"]
[BlackElo "1275"]
[PlyCount "76"]
[EventDate "2021.08.22"]
[EventType "swiss"]
[EventRounds "9"]
[EventCountry "GER"]
[SourceTitle "EXT 2022"]
[Source "ChessBase"]
[SourceDate "2021.10.06"]
[SourceVersion "1"]
[SourceVersionDate "2021.10.06"]
[SourceQuality "1"]

1. e4 e6 2. d4 d5 3. e5 c5 4. c3 Nc6 5. Nf3 Qb6 6. a3 a5 7. Bd3 Bd7 8. Bc2 cxd4 9. cxd4 Be7 10. Nc3 f6 11. 0-0 fxe5 12. dxe5 Bd8 13. Na4 Qa7 14. Be3 b6 15. Qd2 Nge7 16. b4 Qb8 17. bxa5 Nxa5 18. Rab1 Nc4 19. Qd1 Nxa3 20. Ra1 Nxc2 21. Qxc2 Bxa4 22. Rxa4 Rxa4 23. Qxa4+ b5 24. Rb1 bxa4 25. Rxb8 Nc6 26. Ra8 0-0 27. Rxa4 Bc7 28. Bf4 d4 29. Rc4 Rxf4 30. Rxc6 Ba5 31. Rxe6 d3 32. Rd6 Ra4 33. g3 Ra3 34. e6 Kf8 35. Rd7 Ra1+ 36. Kg2 Rd1 37. Rd5 Bc3 38. Rd7 d2 1/2-1/2

[Event "GER-ch U12"]
[Site "Willingen"]
[Date "2021.08.23"]
[Round "1"]
[White "Detjen, Mattes"]
[Black "Schuricht, Emil Frederick"]
[Result "0-1"]
[WhiteElo "1162"]
[BlackElo "1422"]
[PlyCount "50"]
[EventDate "2021.08.22"]
[EventType "swiss"]
[EventRounds "9"]
[EventCountry "GER"]
[SourceTitle "EXT 2022"]
[Source "ChessBase"]
[SourceDate "2021.10.06"]
[SourceVersion "1"]
[SourceVersionDate "2021.10.06"]
[SourceQuality "1"]

1. e4 c6 2. d4 d5 3. exd5 cxd5 4. Bd3 Nc6 5. c3 Nf6 6. Bf4 Bg4 7. Qb3 Qd7 8. Nd2 e6 9. Ngf3 Be7 10. Ne5 Qc8 11. Nxg4 Nxg4 12. 0-0 0-0 13. Qc2 f5 14. Nf3 Qd7 15. h4 Rac8 16. h5 Qe8 17. h6 Nxh6 18. Bxh6 gxh6 19. Rfe1 Bd6 20. Qd2 Rf6 21. Re2 Rc7 22. Rae1 Rg7 23. Nh4 Qh5 24. Nf3 Qxf3 25. g3 Rfg6 0-1

[Event "GER-chT U12"]
[Site "Magdeburg"]
[Date "2021.08.07"]
[Round "5.9"]
[White "Detjen, Mattes"]
[Black "Puchas, Henrik"]
[Result "0-1"]
[WhiteElo "1162"]
[BlackElo "1539"]
[PlyCount "46"]
[EventDate "2021.08.04"]
[EventType "team-swiss"]
[EventRounds "7"]
[EventCountry "GER"]
[SourceTitle "EXT 2022"]
[Source "ChessBase"]
[SourceDate "2021.10.06"]
[SourceVersion "1"]
[SourceVersionDate "2021.10.06"]
[SourceQuality "1"]
[WhiteTeam "Werder Bremen"]
[BlackTeam "Vimbuch"]
[WhiteTeamCountry "GER"]
[BlackTeamCountry "GER"]

1. e4 e5 2. Nf3 Nc6 3. d4 exd4 4. Nxd4 Bc5 5. Be3 Bb6 6. g3 Nf6 7. Bg2 Qe7 8. Nc3 d6 9. Nxc6 bxc6 10. e5 Nd7 11. Bxc6 Rb8 12. exd6 cxd6 13. Nd5 Qe5 14. Nxb6 Rxb6 15. Bxd7+ Bxd7 16. Qd4 Rxb2 17. Qxe5+ dxe5 18. c3 0-0 19. 0-0-0 Rxa2 20. Kb1 Be6 21. Rd2 Rb8+ 22. Kc1 Ra1+ 23. Kc2 Bf5+ 0-1

[Event "EU Union-ch U12"]
[Site "Kouty nad Desnou"]
[Date "2020.08.18"]
[Round "5"]
[White "Detjen, Mattes"]
[Black "Bako, Evelin"]
[Result "0-1"]
[WhiteElo "1251"]
[BlackElo "1216"]
[PlyCount "84"]
[EventDate "2020.08.14"]
[EventType "swiss"]
[EventRounds "9"]
[EventCountry "CZE"]
[SourceTitle "EXT 2021"]
[Source "ChessBase"]
[SourceDate "2020.10.23"]
[SourceVersion "1"]
[SourceVersionDate "2020.10.23"]
[SourceQuality "1"]

1. e4 e5 2. Nf3 Nf6 3. Nxe5 d6 4. Nf3 Nxe4 5. Nc3 Nxc3 6. dxc3 Be7 7. Bd3 Nc6 8. b3 Be6 9. Bb2 Bf6 10. 0-0 Qd7 11. b4 Nxb4 12. cxb4 Bxb2 13. Rb1 Bf6 14. a3 0-0 15. Qe2 Rfe8 16. Qd2 Qc6 17. Rfe1 Bc3 18. Qe2 Qd7 19. Red1 Ba2 20. Qf1 Bxb1 21. Rxb1 Re7 22. Rb3 Bf6 23. Bb5 c6 24. Bd3 Rae8 25. Bc4 d5 26. Rd3 Qc7 27. Bb3 Be5 28. c4 dxc4 29. Bxc4 Bf6 30. Bb3 Rd8 31. Bc2 Rxd3 32. Qxd3 g6 33. Qd2 Qd7 34. Qc1 Qe8 35. Qd2 Bg5 36. Qd1 Rd7 37. Qb1 Re7 38. Qd1 Bf6 39. h3 Rd7 40. Qb1 Qe2 41. Qc1 Bc3 42. Bb3 Qb2 0-1

[Event "EU Union-ch U12"]
[Site "Kouty nad Desnou"]
[Date "2020.08.15"]
[Round "2"]
[White "Bangerter, Ena"]
[Black "Detjen, Mattes"]
[Result "1-0"]
[WhiteElo "1514"]
[BlackElo "1251"]
[PlyCount "67"]
[EventDate "2020.08.14"]
[EventType "swiss"]
[EventRounds "9"]
[EventCountry "CZE"]
[SourceTitle "EXT 2021"]
[Source "ChessBase"]
[SourceDate "2020.10.23"]
[SourceVersion "1"]
[SourceVersionDate "2020.10.23"]
[SourceQuality "1"]

1. e4 d5 2. exd5 Nf6 3. Nc3 Nxd5 4. Nxd5 Qxd5 5. Qf3 Qd8 6. Bc4 e6 7. Ne2 Bc5 8. Qc3 Nc6 9. Qxg7 Rf8 10. Qxh7 Qf6 11. 0-0 Rh8 12. Qe4 Rh4 13. Qd3 Ne5 14. Bb5+ c6 15. Qc3 Bb6 16. Bd3 Bd7 17. Ng3 Bc7 18. Be2 Qh6 19. h3 0-0-0 20. d4 Qh7 21. dxe5 Rh8 22. Nh1 Ba5 23. Qf3 Bb6 24. Bd3 Qg7 25. Qg3 Qf8 26. Be3 Bc7 27. Bg5 R4h5 28. Bf6 Rg8 29. Qf3 Rh6 30. Qe3 Bb6 31. Qf3 c5 32. Ng3 Bc6 33. Be4 Bxe4 34. Qxe4 1-0

[Event "GER-ch U10"]
[Site "Willingen"]
[Date "2019.06.14"]
[Round "9"]
[White "Yue, Qihang"]
[Black "Detjen, Mattes"]
[Result "1/2-1/2"]
[WhiteElo "1354"]
[BlackElo "1296"]
[PlyCount "86"]
[EventDate "2019.06.08"]
[EventType "swiss"]
[EventRounds "11"]
[EventCountry "GER"]
[SourceTitle "CBM 191 Extra"]
[Source "ChessBase"]
[SourceDate "2019.09.30"]
[SourceVersion "1"]
[SourceVersionDate "2019.09.30"]
[SourceQuality "1"]

1. d4 d5 2. c4 e6 3. Nc3 Nf6 4. Nf3 Be7 5. Bg5 0-0 6. e3 Nbd7 7. Bd3 b6 8. 0-0 Bb7 9. Re1 c5 10. cxd5 Nxd5 11. Bxe7 Qxe7 12. e4 Nb4 13. Bc4 Nc6 14. d5 Na5 15. Bf1 exd5 16. exd5 Qd6 17. Qd2 Qg6 18. Rad1 Nf6 19. Qf4 Rad8 20. d6 Nh5 21. Qg5 Qxg5 22. Nxg5 Nf6 23. Re7 Bc6 24. Bb5 Bd7 25. Bxd7 Nxd7 26. b3 Nc6 27. Re3 Nd4 28. Ne2 Nf5 29. Rh3 Nf6 30. Rhd3 Rfe8 31. Kf1 Ng4 32. Nf3 Nge3+ 33. fxe3 Nxe3+ 34. Rxe3 Rxe3 35. Rd5 Re6 36. d7 Re7 37. Ne5 Re6 38. Ng3 f6 39. Nc4 Re7 40. Nf5 Rexd7 41. Ne7+ Kf8 42. Rxd7 Rxd7 43. Nf5 Rd1+ 1/2-1/2

[Event "GER-ch U10"]
[Site "Willingen"]
[Date "2019.06.10"]
[Round "4"]
[White "Detjen, Mattes"]
[Black "Shkundin, Maximilian"]
[Result "1/2-1/2"]
[WhiteElo "1296"]
[BlackElo "1224"]
[PlyCount "46"]
[EventDate "2019.06.08"]
[EventType "swiss"]
[EventRounds "11"]
[EventCountry "GER"]
[SourceTitle "CBM 191 Extra"]
[Source "ChessBase"]
[SourceDate "2019.09.30"]
[SourceVersion "1"]
[SourceVersionDate "2019.09.30"]
[SourceQuality "1"]

1. e4 c5 2. c3 d6 3. d4 cxd4 4. cxd4 e6 5. Nf3 Nf6 6. Nc3 Be7 7. Bc4 0-0 8. 0-0 Bd7 9. e5 Ne8 10. Qd3 Nc6 11. exd6 Nxd6 12. Bb3 Nf5 13. Bc2 Nb4 14. Qe4 Bc6 15. d5 Bxd5 16. Nxd5 Nxd5 17. Rd1 Qc7 18. Qe2 Nd6 19. Bg5 Bxg5 20. Nxg5 h6 21. Nxe6 Qe7 22. Qd3 fxe6 23. Qh7+ Kf7 1/2-1/2

[Event "Niedersachsen-ch op C"]
[Site "Verden"]
[Date "2019.01.05"]
[Round "5"]
[White "Detjen, Mattes"]
[Black "Ahlers, Quentin"]
[Result "0-1"]
[WhiteElo "1123"]
[BlackElo "1229"]
[PlyCount "94"]
[EventDate "2019.01.03"]
[EventType "swiss"]
[EventRounds "7"]
[EventCountry "GER"]
[SourceTitle "EXT 2022"]
[Source "ChessBase"]
[SourceDate "2021.10.06"]
[SourceVersion "1"]
[SourceVersionDate "2021.10.06"]
[SourceQuality "1"]

1. e4 e5 2. Nf3 Nc6 3. d4 Nxd4 4. Nxd4 exd4 5. Qxd4 b6 6. Nc3 Nf6 7. e5 Bc5 8. Qd3 Ng4 9. Be3 Nxe3 10. fxe3 0-0 11. 0-0-0 Qg5 12. Re1 Qxe5 13. h4 Qg3 14. Qe2 Re8 15. Rh3 Qe5 16. h5 d6 17. Rf3 Bg4 18. Nd1 Re7 19. h6 g6 20. Qf2 Bxf3 21. Qxf3 Rae8 22. Kd2 d5 23. Bb5 Rd8 24. c3 d4 25. exd4 Qxe1+ 26. Kc2 Re6 27. Bc4 Be7 28. Bxe6 Qxe6 29. a3 Re8 30. Qd3 Bg5 31. Qb5 Qe2+ 32. Qxe2 Rxe2+ 33. Kd3 Rd2+ 34. Kc4 Rxd1 35. a4 Rd2 36. a5 Rxg2 37. axb6 axb6 38. b4 f5 39. Kd3 Rd2+ 40. Kc4 f4 41. d5 f3 42. d6 f2 43. dxc7 f1Q+ 44. Kb3 Qf7+ 45. Ka3 Qxc7 46. Ka4 Qc4 47. Ka3 Ra2# 0-1

[Event "Niedersachsen-ch op C"]
[Site "Verden"]
[Date "2019.01.04"]
[Round "4"]
[White "Kuipers, Hartmut"]
[Black "Detjen, Mattes"]
[Result "1/2-1/2"]
[WhiteElo "1044"]
[BlackElo "1123"]
[PlyCount "139"]
[EventDate "2019.01.03"]
[EventType "swiss"]
[EventRounds "7"]
[EventCountry "GER"]
[SourceTitle "EXT 2022"]
[Source "ChessBase"]
[SourceDate "2021.10.06"]
[SourceVersion "1"]
[SourceVersionDate "2021.10.06"]
[SourceQuality "1"]

1. c4 e6 2. Nc3 d5 3. cxd5 exd5 4. d4 Nf6 5. Bg5 Be7 6. e3 0-0 7. Bd3 b6 8. Nf3 Bb7 9. 0-0 Nbd7 10. Rc1 c5 11. dxc5 bxc5 12. Re1 Qb6 13. b3 d4 14. exd4 cxd4 15. Rxe7 dxc3 16. Bxf6 Nxf6 17. Bc4 Ng4 18. Rc2 Qc5 19. Qd7 Bxf3 20. gxf3 Nf6 21. Qb7 Rab8 22. Qxa7 Qf5 23. Rxc3 Qb1+ 24. Kg2 Qg6+ 25. Kf1 Qb1+ 26. Re1 Qg6 27. Bd3 Qh5 28. Kg2 Qg5+ 29. Kh1 h5 30. Bc4 Rfc8 31. Bxf7+ Kh7 32. Rxc8 Rxc8 33. Qe3 Qh4 34. Qd3+ Kh8 35. Rg1 Qxf2 36. Qf1 Qxa2 37. Qg2 Qxg2+ 38. Rxg2 Rc3 39. Rf2 Rc1+ 40. Kg2 g5 41. Rb2 h4 42. h3 Kg7 43. Be6 Kf8 44. Kf2 Ke7 45. Ke3 Kxe6 46. b4 Nd5+ 47. Kd4 Rc3 48. Re2+ Kd6 49. Re5 Nxb4 50. Rxg5 Rxf3 51. Rg6+ Ke7 52. Rg7+ Kf6 53. Rb7 Nc6+ 54. Kd5 Ne5 55. Rb6+ Kf5 56. Rh6 Rd3+ 57. Kc5 Rxh3 58. Rh5+ Kf4 59. Kd4 Nf3+ 60. Kd3 Kg3 61. Ke3 Kg2 62. Rh7 Rh1 63. Rg7+ Kf1 64. Rf7 h3 65. Rxf3+ Kg1 66. Rg3+ Kf1 67. Rf3+ Ke1 68. Rg3 h2 69. Rh3 Kf1 70. Kf3 1/2-1/2

[Event "Niedersachsen-ch op C"]
[Site "Verden"]
[Date "2019.01.03"]
[Round "1"]
[White "Koenig, Emmilie"]
[Black "Detjen, Mattes"]
[Result "1-0"]
[WhiteElo "1272"]
[BlackElo "1123"]
[PlyCount "69"]
[EventDate "2019.01.03"]
[EventType "swiss"]
[EventRounds "7"]
[EventCountry "GER"]
[SourceTitle "EXT 2022"]
[Source "ChessBase"]
[SourceDate "2021.10.06"]
[SourceVersion "1"]
[SourceVersionDate "2021.10.06"]
[SourceQuality "1"]

1. d4 d5 2. Bf4 e6 3. e3 Nf6 4. Nd2 Be7 5. Bd3 0-0 6. Ngf3 b6 7. c3 Bb7 8. Ne5 Nbd7 9. Qc2 h6 10. 0-0-0 c5 11. Rhg1 c4 12. Be2 a5 13. g4 a4 14. g5 hxg5 15. Bxg5 a3 16. b3 cxb3 17. Nxb3 Rc8 18. Bh6 Ne8 19. Rg3 Bf6 20. Rh3 Nd6 21. Nxd7 Qxd7 22. Rg1 Nf5 23. Bg5 Bxg5 24. Rxg5 Qe7 25. Rgh5 f6 26. Kd1 Qe8 27. Rh8+ Kf7 28. Bh5+ g6 29. Rxf8+ Qxf8 30. Bg4 Nd6 31. Rh7+ Ke8 32. Bxe6 Ra8 33. Qxg6+ Kd8 34. Rd7+ Kc8 35. Rf7+ 1-0

[Event "Harburg-chI 12th"]
[Site "Hamburg"]
[Date "2017.08.06"]
[Round "4"]
[White "Detjen, Mattes"]
[Black "Rennkamp, David"]
[Result "0-1"]
[WhiteElo "890"]
[BlackElo "1012"]
[PlyCount "82"]
[EventDate "2017.08.06"]
[EventType "tourn"]
[EventRounds "5"]
[EventCountry "GER"]
[SourceTitle "CBM 180 Extra"]
[Source "ChessBase"]
[SourceDate "2017.10.06"]
[SourceVersion "1"]
[SourceVersionDate "2017.10.06"]
[SourceQuality "1"]

1. e4 e5 2. Nf3 Nc6 3. Bc4 Bc5 4. d3 d6 5. Nc3 Bg4 6. h3 Bh5 7. g4 Bg6 8. Bd2 Nf6 9. Bg5 0-0 10. Nd5 h6 11. Nxf6+ gxf6 12. Be3 Bxe3 13. fxe3 h5 14. Rg1 Kh7 15. Qe2 Kh6 16. gxh5 Bxh5 17. Qg2 Rg8 18. Qf2 Qd7 19. 0-0-0 Qxh3 20. Rxg8 Rxg8 21. Rf1 Rg2 22. Qe1 Bxf3 23. Rh1 Rh2 24. Rxh2 Qxh2 25. Bxf7 Qh1 26. Qxh1+ Bxh1 27. Kd2 Kg7 28. Bd5 Kg6 29. a3 a5 30. c3 Kg5 31. b4 axb4 32. axb4 f5 33. b5 Nd8 34. Ke2 f4 35. exf4+ exf4 36. Kf2 Kg4 37. Ke2 Kg3 38. Bb3 f3+ 39. Kf1 Bg2+ 40. Ke1 f2+ 41. Ke2 f1Q+ 0-1

[Event "Niedersachsen-ch op-D"]
[Site "Verden"]
[Date "2017.01.06"]
[Round "4"]
[White "Detjen, Mattes"]
[Black "Toepsch, Arne"]
[Result "0-1"]
[WhiteElo "810"]
[BlackElo "1086"]
[PlyCount "62"]
[EventDate "2017.01.05"]
[EventType "swiss"]
[EventRounds "7"]
[EventCountry "GER"]
[SourceTitle "CBM 187 Extra"]
[Source "ChessBase"]
[SourceDate "2018.11.04"]
[SourceVersion "1"]
[SourceVersionDate "2018.11.04"]
[SourceQuality "1"]

1. e4 e5 2. Nf3 Nc6 3. Bc4 Bc5 4. Ng5 Qxg5 5. d4 Qxg2 6. Rf1 Qxe4+ 7. Be3 Nxd4 8. Nc3 Qxc2 9. Qxc2 Nxc2+ 10. Ke2 Bxe3 11. fxe3 Nxa1 12. Bxf7+ Kd8 13. Bh5 Nf6 14. Rxa1 Nxh5 15. Nd5 d6 16. Rf1 Be6 17. Nb4 Ke7 18. e4 Rhf8 19. Rg1 Nf4+ 20. Kf3 Nh3+ 21. Kg2 Nxg1 22. Kxg1 Rf4 23. Nd3 Rxe4 24. Nf2 Re1+ 25. Kg2 Bd5+ 26. Kg3 Rg1+ 27. Kh4 Rf8 28. Ng4 Rf4 29. a3 Rfxg4+ 30. Kh3 Be6 31. b4 Rxb4# 0-1